00275nam a2200121Ia 4500008004100000100001600041245001700057260002800074300000800102650001900110942000700129999001700136190216s9999||||xx |||||||||||||| ||und|| aGeorge Keyt 0aSong Of Love bOrient Paper Backc1967 a123 aEnglish Poetry cBK c12179d12179